[Event "Druzynowe Mistrzostwa Polski Juniorow - II Liga"]
[Site "Iwonicz"]
[Date "2016-07-31"]
[Round "6.34"]
[White "Gradalski, Olaf"]
[Black "Krawczyk, Wojciech"]
[Result "0-1"]
[WhiteTitle "II"]
[BlackTitle "II+"]
[WhiteElo "1144"]
[BlackElo "1476"]

1. e4 c5 2. c3 d5 3. exd5 Qxd5 4. d4 e6 5. Nf3 Nc6 6. Be2 b6 7. Be3 Nf6 8. Na3
cxd4 9. Nb5 Qd8 10. Nbxd4 Nxd4 11. Nxd4 Bd7 12. f3 a6 13. O-O Bc5 14. Bf2 O-O
15. Nc2 Bxf2+ 16. Kxf2 Qc7 17. Kg1 Rfd8 18. Qd4 Bb5 19. Qf2 Rd2 20. Nd4 Bxe2 21.
Nxe2 Qc5 22. b4 Qc4 23. Rfe1 Nd5 24. a3 Nf4 25. Qxb6 Nxe2+ 26. Kh1 Nxc3 27. Rec1
Qe2 28. Rg1 Nd1 29. h3 Nf2+ 30. Kh2 Qe5+ 0-1

[Event "Druzynowe Mistrzostwa Polski Juniorow - II Liga"]
[Site "Iwonicz"]
[Date "2016-07-31"]
[Round "6.35"]
[White "Debowska, Michalina"]
[Black "Gredka, Dominika"]
[Result "0-1"]
[WhiteTitle "II+"]
[BlackTitle "I++"]
[WhiteElo "1432"]
[BlackElo "1687"]

1. e4 e5 2. Nf3 d6 3. Nc3 Nf6 4. d3 Be7 5. Be2 O-O 6. O-O c6 7. d4 exd4 8. Nxd4
Re8 9. f3 Bf8 10. Kh1 a5 11. a4 Na6 12. Bxa6 Rxa6 13. Re1 h6 14. b3 d5 15. exd5
Rxe1+ 16. Qxe1 Nxd5 17. Nxd5 Qxd5 18. Bb2 Ra8 19. Qe8 c5 20. Nb5 Qd2 21. Ba3 Bh3
22. Qxf8+ Rxf8 23. gxh3 Qxc2 24. Rc1 Qxb3 25. Rxc5 Qxf3+ 26. Kg1 Re8 0-1

[Event "Druzynowe Mistrzostwa Polski Juniorow - II Liga"]
[Site "Iwonicz"]
[Date "2016-07-31"]
[Round "6.36"]
[White "Orlik, Sandra"]
[Black "Budkiewicz, Magdalena"]
[Result "1-0"]
[WhiteTitle "I"]
[BlackTitle "I"]
[WhiteElo "1519"]
[BlackElo "1651"]

1. e4 c5 2. c4 d6 3. Nc3 e6 4. g3 Nf6 5. Bg2 Be7 6. Nge2 a6 7. d3 O-O 8. O-O Nc6
9. f4 Rb8 10. h3 Qc7 11. Be3 b5 12. Qd2 Na5 13. b3 Rd8 14. g4 b4 15. Nd1 Bb7 16.
g5 Ne8 17. Ng3 d5 18. cxd5 exd5 19. exd5 Bxd5 20. Ne4 c4 21. bxc4 Bxc4 22. Nb2
Bd5 23. Rfc1 Qb7 24. Nc5 Bxc5 25. Rxc5 Bxg2 26. Qxg2 Qxg2+ 27. Kxg2 Nb7 28. Rc6
Rbc8 29. Rac1 Rxc6 30. Rxc6 a5 31. Ra6 f6 32. Ra7 Ned6 33. Nc4 Nxc4 34. dxc4 Nd6
35. Bb6 Rc8 36. c5 Nc4 37. Bxa5 Rxc5 38. Bxb4 Rf5 39. gxf6 gxf6 40. Kg3 Rd5 41.
Ra8+ Kf7 42. Rf8+ Kg6 43. Be7 f5 44. Kh4 Ne3 45. Rf6+ Kg7 46. Kg5 Rd2 47. Bf8+
Kg8 48. Bh6 Rd8 49. a4 Ra8 50. a5 Nc4 51. a6 Ne3 52. a7 Nc4 53. Kxf5 Na3 54. Rf8+
1-0

[Event "Druzynowe Mistrzostwa Polski Juniorow - II Liga"]
[Site "Iwonicz"]
[Date "2016-07-31"]
[Round "6.37"]
[White "Lizak, Jakub"]
[Black "Gajewski, Marcin"]
[Result "1-0"]
[WhiteTitle "k"]
[BlackTitle "II"]
[WhiteElo "2131"]
[BlackElo "1531"]

1. e4 c5 2. Nf3 d6 3. d4 cxd4 4. Qxd4 Nc6 5. Bb5 Bd7 6. Bxc6 Bxc6 7. Nc3 e5 8.
Qd3 Nf6 9. Bg5 Be7 10. O-O h6 11. Bxf6 gxf6 12. Nh4 Qc7 13. Nf5 Rg8 14. b4 b6
15. Rfd1 O-O-O 16. Nxh6 Rg7 17. Nf5 Rgg8 18. Nd5 Bxd5 19. Qxd5 Bf8 20. Rd3 Kb8
21. c4 Qb7 22. c5 Qxd5 23. Rxd5 Kc7 24. Rad1 bxc5 25. bxc5 Rc8 26. Nxd6 Bxd6 27.
Rxd6 1-0

[Event "Druzynowe Mistrzostwa Polski Juniorow - II Liga"]
[Site "Iwonicz"]
[Date "2016-07-31"]
[Round "6.38"]
[White "Gworys, Grzegorz"]
[Black "Tustanowski, Mateusz"]
[Result "0-1"]
[WhiteTitle "II"]
[BlackTitle "I++"]
[WhiteElo "1409"]
[BlackElo "1957"]

1. e4 e5 2. Nf3 Nc6 3. Bc4 Bc5 4. c3 Nf6 5. d3 O-O 6. O-O d5 7. exd5 Nxd5 8. Re1
f6 9. a3 Kh8 10. Nbd2 Bb6 11. Ne4 Bg4 12. h3 Bh5 13. Ng3 Be8 14. Nh4 Nce7 15.
Be3 Nxe3 16. fxe3 f5 17. Kh1 f4 18. Ne4 Bxe3 19. Ng5 Nf5 20. Nxf5 Rxf5 21. Ne6
Qh4 22. Qf3 Bh5 23. Qxb7 Rg8 24. Nxg7 Kxg7 25. Bxg8 Kxg8 26. Qc8+ Rf8 27. Qe6+
Rf7 28. Qe8+ Kg7 29. Qxe5+ Kh6 30. Rxe3 fxe3 31. Qxe3+ Qg5 32. Qxa7 Qg3 33. Kg1
Bf3 34. Qf2 Qxf2+ 35. Kxf2 Be4+ 36. Ke3 Bxg2 37. h4 Kh5 38. Rg1 Bf1 39. Rh1 Re7+
40. Kd2 Bg2 41. Rh2 Bf3 42. b4 Kg4 43. Rf2 Kg3 44. Rf1 Re2+ 45. Kc1 Ra2 46. Rg1+
Bg2 47. Re1 Ra1+ 48. Kd2 Ra2+ 49. Kc1 Ra1+ 50. Kd2 Rxe1 51. Kxe1 Kxh4 52. Kf2
Bc6 53. c4 Ba4 54. d4 Kg4 55. c5 c6 56. Ke3 Kf5 57. d5 cxd5 0-1

[Event "Druzynowe Mistrzostwa Polski Juniorow - II Liga"]
[Site "Iwonicz"]
[Date "2016-07-31"]
[Round "6.39"]
[White "Kukula, Karol"]
[Black "Strugacz, Michal"]
[Result "1/2-1/2"]
[WhiteTitle "II"]
[BlackTitle "III"]
[WhiteElo "1550"]
[BlackElo "1259"]

1. e4 e5 2. Nf3 Nc6 3. Nc3 Nf6 4. Bb5 Bb4 5. O-O O-O 6. d3 Bxc3 7. bxc3 d6 8. Bg5
Qe7 9. Re1 Nd8 10. d4 Ne6 11. Bc1 Rd8 12. Bc4 b6 13. Ba3 c5 14. dxe5 dxe5 15.
Bd5 Bb7 16. c4 Nf4 17. Bb2 Ng6 18. Qe2 Rab8 19. Rad1 Ba6 20. Qe3 Nxd5 21. cxd5
Bc8 22. Rd2 Bg4 23. h3 Bxf3 24. Qxf3 f6 25. a4 Qd7 26. Qa3 Rdc8 27. c4 a6 28.
Rc2 Qd6 29. Rec1 Rb7 30. Ba1 Rcb8 31. Rb1 a5 32. Bc3 Nf8 33. Rcb2 Ra8 34. Rb5
Qc7 35. Qb3 Nd7 36. Bxa5 Ra6 37. Bc3 Rba7 38. Ra1 Kf8 39. Kf1 Qc8 40. Ra2 Qe8
41. a5 Qg6 42. Qb1 Qg5 43. axb6 Rxa2 44. bxa7 Rxa7 45. Ba5 Kf7 46. Bb6 Ra4 47.
Bxc5 Rxc4 48. Be3 Ra4 49. Bc5 1/2-1/2

[Event "Druzynowe Mistrzostwa Polski Juniorow - II Liga"]
[Site "Iwonicz"]
[Date "2016-07-31"]
[Round "6.40"]
[White "Binek, Dawid"]
[Black "Szeliga, Sebastian"]
[Result "1/2-1/2"]
[WhiteTitle "II"]
[BlackTitle "II"]
[WhiteElo "1288"]
[BlackElo "1228"]

1. c4 Nf6 2. Nf3 e6 3. g3 b6 4. Bg2 Bb7 5. O-O Be7 6. d4 d6 7. Re1 Nbd7 8. Nc3
O-O 9. e4 e5 10. d5 a5 11. Be3 Nc5 12. Bxc5 bxc5 13. Nd2 Qd7 14. b3 Ba6 15. Qc2
Ng4 16. Qd1 Nf6 17. Qc2 Rab8 18. Ne2 h6 19. a4 Rb6 20. Qc3 Bb7 21. Qxa5 Rb4 22.
Nc3 Ra8 23. Qxa8+ Bxa8 24. Nb5 c6 25. dxc6 Bxc6 26. Ra2 Bd8 27. Ra3 Ba5 28. Rd1
Kh7 29. f3 Ne8 30. Nf1 f5 31. Ne3 Qb7 32. Nxf5 Bc7 33. Ne3 Ba5 34. Nf5 Bc7 35.
Ne3 Qb8 36. Nf5 Bd7 37. Ne3 Be6 38. Kf2 Ba5 39. Kg1 Qc8 40. Kf2 Qb7 41. Kg1 Qb8
42. Kf2 Qb7 43. Kg1 Qb8 44. Kf2 Qb7 1/2-1/2

[Event "Druzynowe Mistrzostwa Polski Juniorow - II Liga"]
[Site "Iwonicz"]
[Date "2016-07-31"]
[Round "6.41"]
[White "Wojcik, Jagoda"]
[Black "Knapik, Julia"]
[Result "0-1"]
[WhiteTitle "I+"]
[BlackTitle "I+"]
[WhiteElo "1609"]
[BlackElo "1627"]

1. e4 e5 2. Nf3 Nc6 3. d4 exd4 4. Nxd4 Bc5 5. Be3 Qf6 6. c3 Nge7 7. g3 Bb6 8. Bg2
d6 9. O-O a6 10. Qd2 Nxd4 11. cxd4 h6 12. Nc3 Bd7 13. Rfe1 O-O 14. e5 dxe5 15.
dxe5 Bxe3 16. Rxe3 Qe6 17. Bxb7 Rad8 18. Qe2 Nf5 19. Rd3 Qb6 20. Be4 Nd4 21. Qh5
Be8 22. Qd1 c5 23. Nd5 Qxb2 24. Rb1 Qxa2 25. Nf6+ Kh8 26. Ng4 Qe6 27. f4 f5 28.
exf6 Qxe4 29. fxg7+ Kxg7 30. Kf2 Bg6 31. Ne5 Qxe5 32. Rb7+ Kh8 33. Re3 Qxe3+ 0-1

[Event "Druzynowe Mistrzostwa Polski Juniorow - II Liga"]
[Site "Iwonicz"]
[Date "2016-07-31"]
[Round "6.42"]
[White "Gorna, Anna"]
[Black "Pisarek, Elzbieta"]
[Result "0-1"]
[WhiteTitle "III"]
[BlackTitle "I"]
[WhiteElo "1078"]
[BlackElo "1351"]

1. e4 d5 2. exd5 Qxd5 3. Nc3 Qa5 4. d4 Nf6 5. Nf3 c6 6. Bd3 Bg4 7. O-O e6 8. Bd2
Be7 9. Ne4 Qd8 10. c3 O-O 11. h3 Bh5 12. Ng3 Bg6 13. Bg5 Nbd7 14. Bxf6 Nxf6 15.
Qe2 Qc7 16. Ne5 Bxd3 17. Nxd3 Bd6 18. Ne4 Nxe4 19. Qxe4 Rae8 20. c4 Be7 21. d5
exd5 22. cxd5 Bf6 23. Qc4 Rd8 24. dxc6 Rd4 25. Qb3 Qxc6 26. Rfd1 Rfd8 27. Rab1
Qd6 28. Qxb7 Rxd3 29. Re1 Qd4 30. Qb5 g6 31. b3 Bh4 32. g3 Bxg3 33. Re2 Bh4 34.
Kg2 Qf4 35. Qc6 Qf5 36. Rh1 g5 37. Qb7 Rd2 38. Rxd2 Rxd2 39. Qb8+ Kg7 40. Rf1
Rxf2+ 41. Rxf2 Qxf2+ 42. Kh1 Bg3 43. Qxg3 Qxg3 44. b4 Qxh3+ 45. Kg1 f5 46. a4
Qf3 47. b5 g4 48. Kh2 Qf2+ 49. Kh1 Qf4 0-1

[Event "Druzynowe Mistrzostwa Polski Juniorow - II Liga"]
[Site "Iwonicz"]
[Date "2016-07-31"]
[Round "6.43"]
[White "Guzik, Natalia"]
[Black "Pasieka, Marcin"]
[Result "1-0"]
[WhiteTitle "I++"]
[BlackTitle "I"]
[WhiteElo "1608"]
[BlackElo "1768"]

1. e4 e5 2. Bc4 Nf6 3. d3 Be7 4. Nf3 d6 5. c3 O-O 6. Bb3 c6 7. O-O Qc7 8. Re1 Bg4
9. Nbd2 d5 10. Nf1 dxe4 11. dxe4 Rd8 12. Qe2 Na6 13. h3 Bxf3 14. Qxf3 Nc5 15.
Bc2 Ne6 16. Ng3 c5 17. Nf5 c4 18. Be3 Bc5 19. Nxg7 Nxg7 20. Qxf6 Qd6 21. Qh4 Bxe3
22. Rxe3 f6 23. Rg3 Qe7 24. Qh6 Rd6 25. Rd1 Rad8 26. Rd5 a6 27. a4 R8d7 28. b3
cxb3 29. Bxb3 Kh8 30. Rgd3 b6 31. Qd2 Ne8 32. Rxd6 Rxd6 33. Rxd6 Nxd6 34. Qd5
Kg7 35. Qd3 b5 36. axb5 Nxb5 37. Qg3+ Kh6 38. Qe3+ Kg7 39. Bd5 Qc7 40. c4 Nd4
41. Qa3 a5 42. c5 Ne2+ 43. Kh2 Nd4 44. c6 Nb5 45. Qg3+ Kh6 46. Qe3+ Kg7 47. Qb3
Nd6 48. Qg3+ Kh6 49. Qh4+ Kg7 50. Qg4+ Kh6 51. Qd7 Nb5 52. Bc4 Qb6 53. Bxb5 Qxb5
54. Qb7 Qc5 55. c7 Qxf2 56. c8=Q Qf4+ 57. Kg1 Qe3+ 58. Kh1 1-0

[Event "Druzynowe Mistrzostwa Polski Juniorow - II Liga"]
[Site "Iwonicz"]
[Date "2016-07-31"]
[Round "6.44"]
[White "Kupiecki, Szymon"]
[Black "Bakalarczyk, Jakub"]
[Result "1-0"]
[WhiteTitle "II"]
[BlackTitle "I"]
[WhiteElo "1432"]
[BlackElo "1591"]

1. e4 c6 2. d4 d5 3. Nc3 dxe4 4. Nxe4 Nf6 5. Ng5 Nbd7 6. Bc4 e6 7. Ne2 Nb6 8. Bd3
c5 9. dxc5 Bxc5 10. O-O Nbd5 11. Ne4 Be7 12. N2c3 Nxc3 13. Nxc3 Bd7 14. Ne4 Bc6
15. Qe2 O-O 16. Rd1 Qc7 17. b3 Nxe4 18. Bxe4 Bxe4 19. Qxe4 Bf6 20. Rb1 Rfd8 21.
Be3 Qc3 22. g3 g6 23. Rbc1 Qc6 24. Qxc6 bxc6 25. c4 a6 26. Bb6 Rdc8 27. Rd7 Bd8
28. Bxd8 Rxd8 29. Rcd1 Rxd7 30. Rxd7 a5 31. Rc7 Ra6 32. c5 Kg7 33. Rb7 Kf6 34.
Rb6 Ra7 35. Rxc6 Ke5 36. Rb6 Kd5 37. Rb5 Kc6 38. a4 Rb7 39. Rxa5 Rxb3 40. Ra7
Rf3 41. a5 Kxc5 42. Rb7 Kc6 43. a6 Ra3 44. Rxf7 Rxa6 45. Rxh7 Kd5 46. Rh6 e5 47.
h4 Re6 48. g4 Kd6 49. Kg2 Ke7 50. h5 gxh5 51. Rxe6+ Kxe6 52. gxh5 Kf5 53. Kf3
e4+ 54. Ke3 Kg5 55. Kxe4 Kxh5 56. Kf5 Kh6 57. Kf6 Kh5 58. f4 Kh6 59. f5 Kh7 60.
Ke7 Kg7 61. f6+ 1-0

[Event "Druzynowe Mistrzostwa Polski Juniorow - II Liga"]
[Site "Iwonicz"]
[Date "2016-07-31"]
[Round "6.45"]
[White "Jagura, Norbert"]
[Black "Niedbala, Bartlomiej"]
[Result "0-1"]
[WhiteTitle "II"]
[BlackTitle "I"]
[WhiteElo "1505"]
[BlackElo "1626"]

1. c4 e5 2. Nc3 Nc6 3. g3 g6 4. Bg2 Bg7 5. d3 d6 6. Nf3 h6 7. Bd2 Nge7 8. Rb1 Be6
9. b4 Qd7 10. h3 O-O 11. Qc1 Kh7 12. g4 d5 13. c5 Nd4 14. Nxd4 exd4 15. Nd1 Ng8
16. Bf4 Rfe8 17. b5 Qe7 18. Bf3 b6 19. cxb6 cxb6 20. O-O Rac8 21. Qd2 Rc5 22.
a4 f5 23. g5 hxg5 24. Bxg5 Qd6 25. a5 Be5 26. axb6 axb6 27. Kg2 Nf6 28. Rg1 f4
29. e3 fxe3 30. fxe3 Rec8 31. Qb4 Bh2 32. Bf4 Bxf4 33. exf4 Qxf4 34. Nf2 Nh5 35.
Bxh5 gxh5 36. Rh1 Rf8 37. Qe1 Rc2 0-1

[Event "Druzynowe Mistrzostwa Polski Juniorow - II Liga"]
[Site "Iwonicz"]
[Date "2016-07-31"]
[Round "6.46"]
[White "Lichorad, Mateusz"]
[Black "Wojtasik, Szymon"]
[Result "1-0"]
[WhiteTitle "II"]
[BlackTitle "II"]
[WhiteElo "1594"]
[BlackElo "1240"]

1. e4 c5 2. Nf3 Nc6 3. d4 cxd4 4. Nxd4 g6 5. Nc3 Bg7 6. Be3 Nf6 7. f3 O-O 8. Bc4
Qb6 9. Qd2 Nxe4 10. fxe4 Qxb2 11. Rb1 Qa3 12. Rb3 Qa5 13. Nxc6 dxc6 14. O-O e6
15. Bd3 Rd8 16. Bh6 Bd4+ 17. Kh1 e5 18. Qg5 Rd6 19. Qe7 Bf5 20. Qxd6 Be6 21. Qe7
Bc5 22. Qf6 Bf8 23. Bxf8 Rxf8 24. Ne2 Bxb3 25. axb3 Qd2 26. Ng3 c5 27. Bc4 Qd7
28. Nf5 gxf5 29. Rxf5 h6 30. Qxh6 Qd1+ 31. Bf1 f6 32. Qg6+ Kh8 33. Rh5+ Qxh5 34.
Qxh5+ Kg8 35. Qg6+ Kh8 36. Bc4 Rf7 37. Qxf7 b5 38. Qg8# 1-0

[Event "Druzynowe Mistrzostwa Polski Juniorow - II Liga"]
[Site "Iwonicz"]
[Date "2016-07-31"]
[Round "6.47"]
[White "Bakalarczyk, Zuzanna"]
[Black "Kotula, Magdalena"]
[Result "1-0"]
[WhiteTitle "I"]
[BlackTitle "I+"]
[WhiteElo "1312"]
[BlackElo "1567"]

1. d4 c5 2. Nf3 cxd4 3. Nxd4 Nf6 4. Nc3 e6 5. e4 Bb4 6. f3 O-O 7. Be2 a6 8. O-O
Qc7 9. Bd2 Bc5 10. Be3 b5 11. Qd2 Bb7 12. a3 d5 13. exd5 Nxd5 14. Nxd5 Bxd5 15.
Rad1 Nd7 16. f4 Nf6 17. Bf3 Rac8 18. Rc1 Rfd8 19. Bxd5 Nxd5 20. c3 Qb6 21. Rfd1
h6 22. Bf2 Nf6 23. Qe2 Rd7 24. b4 Bxd4 25. Bxd4 Qd8 26. Be5 Nd5 27. Qg4 g6 28.
Qh3 Nxf4 29. Qf3 Nd5 30. Rf1 Qg5 31. Bd4 e5 32. Bc5 Qf4 33. Qh3 Rxc5 34. Rxf4
Nxf4 35. Qxd7 Ne2+ 36. Kf1 1-0

[Event "Druzynowe Mistrzostwa Polski Juniorow - II Liga"]
[Site "Iwonicz"]
[Date "2016-07-31"]
[Round "6.48"]
[White "Hertlein, Irena"]
[Black "Matyjasek, Michalina"]
[Result "1/2-1/2"]
[WhiteTitle "I"]
[BlackTitle "II"]
[WhiteElo "1488"]
[BlackElo "1199"]

1. d4 d5 2. Nf3 Nf6 3. c4 e6 4. g3 Bb4+ 5. Bd2 Be7 6. Bg2 O-O 7. O-O c6 8. Qc2
b6 9. Bf4 Bb7 10. Rd1 Nbd7 11. Nbd2 Rc8 12. Qa4 Nh5 13. Qxa7 Nxf4 14. Qxb7 Nxe2+
15. Kf1 Nxd4 16. Nxd4 Nc5 17. Nxc6 Nxb7 18. Nxd8 Rfxd8 19. cxd5 exd5 20. Rac1
Nc5 21. Rc2 d4 22. Rdc1 d3 23. Rc4 Bf6 24. b4 Bb2 25. Rb1 Na4 26. Bc6 Bc3 27.
Bxa4 Bxd2 28. Rxc8 Rxc8 29. Bb5 Rc3 30. Rd1 Rc2 31. a3 Rc1 32. Rxc1 Bxc1 33. a4
Bd2 34. Bxd3 Bxb4 35. Ke2 g6 36. Kf3 Kg7 37. Kg4 h5+ 38. Kf3 Kf6 39. Ke4 Bc5 40.
f3 Bg1 41. h3 Bf2 42. g4 Kg5 43. Bf1 f5+ 44. gxf5 1/2-1/2

[Event "Druzynowe Mistrzostwa Polski Juniorow - II Liga"]
[Site "Iwonicz"]
[Date "2016-07-31"]
[Round "6.49"]
[White "Koseski, Damian"]
[Black "Domanski, Lukasz"]
[Result "0-1"]
[WhiteTitle "I"]
[BlackTitle "I++"]
[WhiteElo "1762"]
[BlackElo "2001"]

1. d4 d5 2. c4 dxc4 3. Nc3 a6 4. a4 Nc6 5. e3 Na5 6. Nf3 Nf6 7. Ne5 Be6 8. Be2
g6 9. O-O c5 10. dxc5 Qc7 11. f4 Qxc5 12. Bf3 Rc8 13. Qe2 Bg7 14. Kh1 O-O 15.
e4 Nb3 16. Be3 Qa5 17. Rad1 b5 18. axb5 axb5 19. g4 b4 20. Nd5 Bxd5 21. exd5 c3
22. Nc6 Qc7 23. Qc2 Na5 24. Nxb4 Nc4 25. Bd4 Nxb2 26. Be5 Qc4 27. Nc6 Nxd1 28.
Rxd1 Rfe8 29. Qxc3 Qxc3 30. Bxc3 Nd7 31. Bb4 Bf8 32. g5 f6 33. Bg4 f5 34. Bf3
Nb8 35. Ne5 e6 36. d6 Red8 37. d7 Nxd7 38. Nc6 Bxb4 39. Nxd8 Rxd8 40. Bc6 Kf7
41. Rxd7+ Rxd7 42. Bxd7 Bd2 43. Kg2 Bxf4 44. h4 e5 45. Kf3 Bd2 46. Ke2 Bc1 47.
Bb5 e4 48. Bc4+ Kg7 49. Bd5 h6 50. gxh6+ Kxh6 51. Bf7 Kh5 52. Be8 Bf4 53. Kf2
Be5 54. Kg2 Bf6 0-1

[Event "Druzynowe Mistrzostwa Polski Juniorow - II Liga"]
[Site "Iwonicz"]
[Date "2016-07-31"]
[Round "6.50"]
[White "Norek, Bartosz"]
[Black "Laszczak, Przemyslaw"]
[Result "1/2-1/2"]
[WhiteTitle "II+"]
[BlackTitle "I+"]
[WhiteElo "1686"]
[BlackElo "1819"]

1. e4 c6 2. d4 d5 3. e5 c5 4. dxc5 Nc6 5. Nf3 Bg4 6. c3 e6 7. Be3 Bxf3 8. Qxf3
Nxe5 9. Bb5+ Nc6 10. Bxc6+ bxc6 11. O-O Nf6 12. Nd2 Be7 13. Bd4 O-O 14. Qe2 Nd7
15. b4 e5 16. Bxe5 Nxe5 17. Qxe5 Bf6 18. Qg3 a5 19. a3 Qb8 20. Qd3 Re8 21. Nf3
Qa7 22. Rae1 axb4 23. axb4 g6 24. Nd4 Bxd4 25. Rxe8+ Rxe8 26. cxd4 Qa4 27. Qc3
Rb8 28. Rb1 Qa2 29. Qb3 Qd2 30. Qb2 Qd3 31. h3 Re8 32. Rc1 Re2 33. Qc3 Qf5 34.
Qg3 Rb2 35. Qb8+ Kg7 36. Rf1 Qe4 37. Qd6 Qxd4 38. Qxc6 Rxb4 39. Qd6 Rc4 40. c6
Qc5 41. Qe5+ Kg8 42. Qe8+ Kg7 43. Qe5+ Kh6 44. c7 d4 45. Qxc5 Rxc5 46. Rd1 Rxc7
47. Rxd4 Rc1+ 48. Kh2 Rc3 49. f3 f5 1/2-1/2

[Event "Druzynowe Mistrzostwa Polski Juniorow - II Liga"]
[Site "Iwonicz"]
[Date "2016-07-31"]
[Round "6.51"]
[White "Zaborowski, Maciej"]
[Black "Norek, Maciej"]
[Result "1-0"]
[WhiteTitle "II"]
[BlackTitle "II"]
[WhiteElo "1118"]
[BlackElo "1200"]

1. e4 c5 2. Nf3 d6 3. d4 cxd4 4. Nxd4 Nf6 5. Nc3 a6 6. Bd3 e5 7. Nb3 Be7 8. O-O
Be6 9. Bd2 Nbd7 10. Qe2 O-O 11. f4 Nb6 12. f5 Bd7 13. Kh1 h6 14. Rg1 Nh7 15. g4
Bc6 16. h3 d5 17. Rg2 Qc7 18. Rag1 Rad8 19. Qe1 f6 20. h4 Nc4 21. Bc1 b5 22. Nd2
Bb7 23. Kh2 d4 24. Ncb1 Ne3 25. Rg3 b4 26. Nb3 Nxc2 27. Qe2 Rc8 28. R3g2 Ne3 29.
Bxe3 dxe3 30. Rc1 Qb6 31. Rgg1 a5 32. Rge1 a4 33. Na1 Bc5 34. a3 Bd4 35. Nc2 Bxb2
36. Rcd1 Bc3 37. Nxc3 Rxc3 38. axb4 Rfc8 39. Nxe3 Qxb4 40. Rb1 Rb3 41. Bc4+ Rxc4
42. Qxc4+ Qxc4 43. Nxc4 Kf8 44. Rxb3 axb3 45. Kg3 Ke7 46. Kf3 Bc6 47. Rb1 Nf8
48. Rxb3 Nd7 49. Ra3 Bb5 1-0

[Event "Druzynowe Mistrzostwa Polski Juniorow - II Liga"]
[Site "Iwonicz"]
[Date "2016-07-31"]
[Round "6.53"]
[White "Parol, Pola"]
[Black "Hryn, Zofia"]
[Result "1-0"]
[WhiteTitle "k"]
[BlackTitle "I"]
[WhiteElo "1817"]
[BlackElo "1531"]

1. e4 c5 2. Nf3 d6 3. d4 cxd4 4. Nxd4 Nf6 5. Nc3 a6 6. Nb3 Nc6 7. Be3 e5 8. Nd5
Nxd5 9. exd5 Ne7 10. f4 Nf5 11. Qf3 Qf6 12. Bf2 exf4 13. O-O-O Be7 14. Bd3 O-O
15. Kb1 Nh4 16. Qe4 Ng6 17. h4 Bg4 18. Bd4 Bf5 19. Qxf5 Qxf5 20. Bxf5 Nxh4 21.
Bd3 Ng6 22. Rdf1 b5 23. Na5 Rac8 24. Nc6 Rc7 25. c4 h6 26. cxb5 axb5 27. Bxb5
Rb7 28. a4 Ra8 29. b4 f6 30. Rh3 Bd8 31. Nxd8 Rxd8 32. Bc3 Ne7 33. Bc6 Rc7 34.
b5 Rb8 35. Kc2 1-0

[Event "Druzynowe Mistrzostwa Polski Juniorow - II Liga"]
[Site "Iwonicz"]
[Date "2016-07-31"]
[Round "6.54"]
[White "Hryn, Aleksandra"]
[Black "Zaborowska, Maria"]
[Result "1-0"]
[WhiteTitle "I"]
[BlackTitle "I"]
[WhiteElo "1471"]
[BlackElo "1215"]

1. e4 e6 2. d4 d5 3. Nd2 Nf6 4. e5 Ne4 5. Nxe4 dxe4 6. f3 c5 7. Be3 cxd4 8. Qxd4
Qxd4 9. Bxd4 exf3 10. Nxf3 Be7 11. Bd3 O-O 12. O-O Nc6 13. Bc3 Nb4 14. Be4 Nd5
15. Bd4 Rd8 16. Rad1 Nb4 17. a3 Nc6 18. Be3 Bd7 19. b4 Be8 20. c4 h6 21. h3 Kf8
1-0

[Event "Druzynowe Mistrzostwa Polski Juniorow - II Liga"]
[Site "Iwonicz"]
[Date "2016-07-31"]
[Round "6.55"]
[White "Pyka, Slawomir"]
[Black "Zarnowski, Krzysztof"]
[Result "0-1"]
[WhiteTitle "I"]
[BlackTitle "I++"]
[WhiteElo "1620"]
[BlackElo "2034"]

1. d4 Nf6 2. Nf3 c5 3. c3 e6 4. Bg5 d5 5. e3 Nbd7 6. Nbd2 Be7 7. Bb5 O-O 8. O-O
a6 9. Bd3 b5 10. e4 dxe4 11. Nxe4 cxd4 12. Nxd4 Bb7 13. Nxf6+ Bxf6 14. Bxf6 Nxf6
15. Be2 e5 16. Nf5 g6 17. Nh6+ Kg7 18. Qc1 Nd5 19. g3 f5 20. Rd1 Qf6 21. h4 Rfd8
22. c4 bxc4 23. Bxc4 Rac8 24. b3 Nb6 25. Rxd8 Rxd8 26. Ng8 Qc6 27. Kf1 Nxc4 0-1

[Event "Druzynowe Mistrzostwa Polski Juniorow - II Liga"]
[Site "Iwonicz"]
[Date "2016-07-31"]
[Round "6.57"]
[White "Gozdzicki, Maciej"]
[Black "Bober, Tomasz"]
[Result "1-0"]
[WhiteTitle "II"]
[BlackTitle "II"]
[WhiteElo "1514"]
[BlackElo "1210"]

1. d4 d5 2. c4 c6 3. Nf3 Bf5 4. Nc3 e6 5. Bf4 Bd6 6. Bg3 Nf6 7. e3 Bc7 8. Be2 Nbd7
9. O-O O-O 10. Rc1 b6 11. Bxc7 Qxc7 12. Nh4 Bg6 13. Nxg6 fxg6 14. Qc2 a6 15. cxd5
exd5 16. Bf3 Qd6 17. Qb3 Kh8 18. Rc2 b5 19. Rfc1 a5 20. Ne2 Rac8 21. a4 b4 22.
Nf4 Nb6 23. Nd3 Nfd7 24. Nc5 Nc4 25. Nxd7 Qxd7 26. Qd3 Qb7 27. b3 Nd6 28. Rc5
Rf7 29. Rxa5 Qb6 30. Rac5 Nb7 31. R5c2 Rfc7 32. h3 Na5 33. Be2 c5 34. dxc5 Rxc5
35. Rxc5 Rxc5 36. Rxc5 Qxc5 37. Bf3 h6 38. Qxd5 Qc1+ 39. Kh2 Qc2 40. Qxa5 Qxb3
41. Bd5 1-0

[Event "Druzynowe Mistrzostwa Polski Juniorow - II Liga"]
[Site "Iwonicz"]
[Date "2016-07-31"]
[Round "6.58"]
[White "Tomkiewicz, Szymon"]
[Black "Majdanski, Maksymilian"]
[Result "0-1"]
[WhiteTitle "II"]
[BlackTitle "II"]
[WhiteElo "1268"]
[BlackElo "1515"]

1. e4 e5 2. Nf3 d6 3. Nc3 Nf6 4. d3 Be7 5. Be2 Nc6 6. O-O O-O 7. Be3 Ng4 8. Bd2
f5 9. exf5 Bxf5 10. Nd5 Rc8 11. c3 Kh8 12. Nxe7 Qxe7 13. g3 Nf6 14. Nh4 Bh3 15.
Re1 Qd7 16. Bf1 Bxf1 17. Rxf1 Rce8 18. f3 d5 19. Bg5 Nd8 20. Bxf6 Rxf6 21. Qd2
Nf7 22. f4 Rf8 23. fxe5 Nxe5 24. Rxf6 Rxf6 25. Re1 Nc6 26. Qe2 g6 27. Rf1 Rxf1+
28. Qxf1 Kg7 29. d4 a6 30. Qf4 b5 31. Nf3 Qe7 32. Kf2 b4 33. Ne5 Nxe5 34. Qxe5+
Qxe5 35. dxe5 bxc3 36. bxc3 c5 37. Ke3 g5 38. g4 Kf7 39. Kd3 Ke6 40. c4 Kxe5 41.
a3 d4 42. h3 Kf4 43. Ke2 Kg3 44. Kd3 Kxh3 45. Ke4 Kxg4 46. Kd5 d3 47. Kxc5 d2
48. Kb6 d1=Q 49. Kxa6 Qa4+ 50. Kb6 Qxa3 51. c5 Qxc5+ 52. Kxc5 h5 53. Kd6 h4 54.
Ke7 h3 55. Kf8 h2 56. Kg8 h1=Q 57. Kg7 Qf3 58. Kg6 Qf5+ 59. Kh6 Qf6+ 60. Kh7 Kh5
61. Kg8 Qe7 62. Kh8 Kg6 63. Kg8 Qd8# 0-1

[Event "Druzynowe Mistrzostwa Polski Juniorow - II Liga"]
[Site "Iwonicz"]
[Date "2016-07-31"]
[Round "6.59"]
[White "Krzywnicka, Maria"]
[Black "Jurkiewicz, Zuzanna"]
[Result "1/2-1/2"]
[WhiteTitle "I+"]
[BlackTitle "I+"]
[WhiteElo "1685"]
[BlackElo "1657"]

1. e4 e5 2. Nf3 Nc6 3. Bb5 Nf6 4. Qe2 Be7 5. c3 d6 6. O-O a6 7. Ba4 b5 8. Bb3 O-O
9. Rd1 Na5 10. Bc2 c5 11. h3 Qc7 12. d4 Nc6 13. d5 Nd8 14. Nbd2 Ne8 15. Nf1 g6
16. Bh6 Ng7 17. a4 Rb8 18. axb5 axb5 19. b3 f6 20. Bd3 Bd7 21. g4 Nf7 22. Bxg7
Kxg7 23. Ng3 Rb7 24. Ra2 Rfb8 25. Rda1 Nh6 26. Kg2 Qc8 27. Kh2 Nf7 28. Ng1 Nh6
29. Ra7 Rxa7 30. Rxa7 Rb7 31. Qa2 Qc7 32. Ra8 Nf7 33. N1e2 Qb6 34. Qa5 Qxa5 35.
Rxa5 Bd8 36. Ra8 Be7 37. Kg2 g5 38. Ng1 Nd8 39. Nf3 Nf7 40. Nd2 Nh6 41. Ndf1 Kg6
42. Ne3 Kf7 43. Nh5 Be8 44. Ng3 Bd7 45. Be2 Kg6 46. Nh5 1/2-1/2

[Event "Druzynowe Mistrzostwa Polski Juniorow - II Liga"]
[Site "Iwonicz"]
[Date "2016-07-31"]
[Round "6.60"]
[White "Mazurek, Maja"]
[Black "Partyka, Justyna"]
[Result "0-1"]
[WhiteTitle "II"]
[BlackTitle "II"]
[WhiteElo "1103"]
[BlackElo "1150"]

1. d4 Nf6 2. e3 d6 3. Bd3 e5 4. c3 Be7 5. f4 e4 6. Bc2 d5 7. Nd2 Ng4 8. Nb3 Bh4+
9. g3 Nxh2 10. Ne2 Nf3+ 11. Kf1 Be7 12. Nd2 Nxd2+ 13. Bxd2 Nd7 14. Ba4 O-O 15.
Bxd7 Qxd7 16. Qc2 b6 17. Kf2 Qg4 18. Rag1 a5 19. Ke1 Ba6 20. Rh2 Rfd8 21. Qd1
Rd6 22. Bc1 Rg6 23. Kd2 Rd8 24. Kc2 Rdd6 25. Kb1 Bd3+ 26. Ka1 Qf3 27. Qe1 Rh6
28. Rf2 Qg4 29. Bd2 Rdg6 30. f5 Rg5 31. Qf1 Bxe2 32. Qxe2 Qxe2 33. Rxe2 Rxf5 34.
g4 Rg5 35. Rf2 Rhg6 36. Rfg2 f5 37. Be1 Rxg4 38. Rxg4 Rxg4 39. Rf1 c6 40. Bd2
h5 41. Kb1 g6 42. Rh1 Bg5 43. Kc2 Rg3 44. Re1 Kg7 45. Kb3 h4 46. Rh1 b5 47. a4
Kh6 48. axb5 cxb5 49. Ka3 Kh5 50. Re1 h3 51. b3 Kg4 52. c4 bxc4 53. bxc4 dxc4
54. Bxa5 Rxe3+ 55. Rxe3 Bxe3 56. Bc7 Bxd4 57. Kb4 c3 58. Kb3 e3 59. Kc2 e2 60.
Kd3 e1=Q 61. Kxd4 Qf2+ 62. Kd3 c2 63. Bb6 Qxb6 64. Kxc2 Qd4 0-1